000 00410nam a2200169 a 4500
001 0000-9230
003 ELIB.Books
008 110520 0000
035 _a(ELIB.Books)0000-9382
082 _a301
_bRic
100 _aRich, Louise Dickinson
245 _aWe took to the woods
260 _bU.S.A.: Pocket Book
_c0
650 _aSocial
942 _2ddc
_cBK
998 _cbat
_e2011-05-20
999 _c9230
_d9230